| 000 | 00351nam a2200145 4500 | ||
|---|---|---|---|
| 999 |
_c9576 _d9576 |
||
| 003 | OSt | ||
| 005 | 20210705110039.0 | ||
| 008 | 210705b ||||| |||| 00| 0 eng d | ||
| 020 | _a9788190852821 | ||
| 082 |
_a720.28809544 _bGAJ |
||
| 100 | _dGajasingh Maharaja | ||
| 110 | _akulbhushan Jain (editor) | ||
| 245 | _aConserving architecture | ||
| 942 | _2ddc | ||